Svatý Václave
| Main Author: | Wiedermann, Bedřich Antonín, 1883-1951 |
|---|---|
| Language: | Czech |
| Published: |
Praha : Státní nakladatelství, 1929 |
| Physical Description: |
1 sv. (nestránkován) |
| LEADER | 00726ncm a22002292a 4500 | ||
|---|---|---|---|
| 001 | 000799510 | ||
| 003 | CZ BrMZK | ||
| 005 | 20100922124448.0 | ||
| 007 | qu | ||
| 008 | 051129s1929 xr |||||r|||||||| cze d | ||
| 040 | |a BOA001 |b cze | ||
| 072 | 7 | |a 784 |x Vokální hudba |2 Konspekt |9 9 | |
| 100 | 1 | |a Wiedermann, Bedřich Antonín, |d 1883-1951 |7 jk01151641 |4 arr | |
| 245 | 1 | 0 | |a Svatý Václave |h [hudebnina] / |c harmonisoval Bedřich Wiedermann |
| 260 | |a Praha : |b Státní nakladatelství, |c 1929 | ||
| 300 | |a 1 sv. (nestránkován) | ||
| 500 | |a Zpěv a varhany | ||
| 580 | |a Samostatná příloha k: časopisu Hudba a škola, 1929, roč. 2, č.1 | ||
| 787 | 1 | 8 | |t Hudba a škola |
| 910 | |a BOA001 |b Mus2-0569.312 | ||
| 990 | |a MU | ||
| 991 | |b 200912 | ||
English
Čeština 